000 00600nab a2200193 4500
001 244442
003 OSt
005 20240730073318.0
007 tu
008 200917s2020|||||||
040 _aDE-2950
_cDE-2950
245 0 0 _aBecher sorgen für Diskussionen
_bBunter Hering. Zum ersten Mal gab es beim Stadtfest Bezahlbecher. Die Reaktionen der Besucher waren gemischt/
_csam
264 _c2024
653 _aFrankfurt (Oder)
653 _aStadtfest
653 _aBezahlbecher
773 0 _g35. Jahrgang (2024) Nr. 165 vom 17.07.2024, S. 15 mit Foto
_tMärkische Oderzeitung
942 _2z
_cA
999 _c373260
_d373260